000
00298nam a2200109Ia 4500
008
260210s9999 xx 000 0 und d
020
_a
9783038603788
100
_a
Park Books
245
0
_a
Drifting Symmetries: Projects, Provocations, And Other Enduring Models
260
_b
Park Books
942
_c
UG
999
_c
14309
_d
14309